00501 a2200169 4500001000700000020001800007040003500025100002100060240003800081245003300119300001000152362000900162697002400171942000700195952011000202999001900312156890 a9788508118724 cEscola São Tomás de Aquino aBELINKY, Tatiana10aA operação do tio Onofrelpor10aA operação do tio Onofre a24 p.0 a2008 a*LITERATURA INFANTO cBK 00104070a12.22b12.22d2024-04-30l0o028.52 BEL OPEpEST00011385r2024-04-30 22:14:16w2024-04-30yBK c156890d156890